الإحصائيات لـ دول "ستان" - مسابقة خريطة

أنقر هنا لكي تخضع للإختبار!

الإحصائيات العامة

  • هذا الإختبار تم الخضوع له 425 مره
  • الدرجة المتوسطة هي 4 من 7

Answers on the Map

Answers color-coded by a green-red scale on the quiz's map according to % correct below.
 

إحصائيات الإجابة

Answer% صحيح
باكستان
74%
أفغانستان
67%
كازاخستان
65%
أوزبكستان
55%
تركمانستان
51%
طاجيكستان
48%
قيرغيزستان
45%

توزيع النقاط

النسبة وفقا للأرقام

نسبة الأشخاص لكل درجة

سجل النقاط الخاصة بك

لم تضخع لهذا الإختبار